| 000 | 00356nam a2200109Ia 4500 | ||
|---|---|---|---|
| 008 | 171211s9999 xx 000 0 und d | ||
| 245 | _aMeasuring, Modeling and Simulating the Re-adaptation Process of the Human Visual System... | ||
| 245 | _cBenjamin Meyer | ||
| 260 | _c2016 | ||
| 650 | _xPSYCHOLOGY | ||
| 856 | _uhttp://down.ebook777.com/063/3658147032.pdf | ||
| 999 |
_c349237 _d349237 |
||